|
|
|
|
| LEADER |
01646nam a2200289 a 4500 |
| 001 |
GR-Patra14408 |
| 008 |
020129s1998 gr g 000 0 gre d |
| 020 |
|
|
|a 9603311960
|
| 040 |
|
|
|a GrPaTEI
|b gre
|c GR-PaULI
|
| 040 |
|
|
|a GrPaTEI
|b gre
|c GR-PaULI
|
| 082 |
|
0 |
|a 629.8
|2 21
|
| 100 |
1 |
|
|a Bieder, Klaus
|
| 245 |
1 |
0 |
|a Ηλεκτρολογικοί & ηλεκτρονικοί αυτοματισμοί /
|c Klaus Bieder ; απόδοση στην Ελληνική γλώσσα: Νίκος Φωτιάδης.
|
| 260 |
|
|
|a Αθήνα :
|b Ευρωπαϊκές Τεχνολογικές εκδόσεις,
|c c1998
|
| 300 |
|
|
|a 321σ.
|
| 490 |
1 |
|
|a Βιβλιοθήκη του αυτοματισμού
|
| 650 |
|
4 |
|a ΑΥΤΟΜΑΤΟΣ ΕΛΕΓΧΟΣ
|
| 650 |
|
4 |
|a ΜΗΧΑΝΙΚΗ
|
| 700 |
1 |
|
|a Φωτιάδης, Νίκος
|
| 710 |
0 |
|
|a Ευρωπαϊκές Τεχνολογικές Εκδόσεις
|
| 830 |
|
0 |
|1 00114409
|1 2001
|a Βιβλιοθήκη του αυτοματισμού
|
| 942 |
|
|
|2 ddc
|
| 952 |
|
|
|0 0
|1 0
|2 ddc
|4 0
|6 629_800000000000000_BIE
|7 0
|9 293450
|a LISK
|b LISK
|c BSC
|d 2021-01-17
|e 24
|f 0
|g 0.00
|l 0
|o 629.8 BIE
|p 92410019052
|r 2021-01-17 00:00:00
|t 1
|w 2021-01-17
|y BK15
|x 20020129 0 1
|x GrPaTEI
|
| 952 |
|
|
|0 0
|1 0
|2 ddc
|4 0
|6 629_800000000000000_BIE
|7 0
|9 293451
|a LISK
|b LISK
|c BSC
|d 2021-01-17
|e 24
|f 0
|g 0.00
|l 0
|o 629.8 BIE
|p 92410019053
|r 2021-01-17 00:00:00
|t 1
|w 2021-01-17
|y BK15
|x 20020129 0 1
|x GrPaTEI
|
| 952 |
|
|
|0 0
|1 0
|2 ddc
|4 0
|6 629_800000000000000_BIE
|7 0
|9 293452
|a LISK
|b LISK
|c BSC
|d 2021-01-17
|e 24
|f 1
|g 0.00
|l 0
|o 629.8 BIE
|p 92410019597
|r 2021-01-17 00:00:00
|t 1
|w 2021-01-17
|y BK15
|x 20030416 0 1
|x GrPaTEI
|
| 971 |
|
|
|a .b26619234
|b 16-04-20
|c 23-09-16
|
| 999 |
|
|
|c 171494
|d 171494
|